| 000 | 00446nam a2200193Ia 4500 | ||
|---|---|---|---|
| 005 | 20240823015025.0 | ||
| 008 | 240823s9999||||xx |||||||||||||| ||und|| | ||
| 020 | _a81-203-2120-0 | ||
| 041 | _aENGLISH | ||
| 082 | _A624.101 P4 | ||
| 100 | _a"Schodek,Daniel L" | ||
| 245 | 0 | _aStructures | |
| 250 | _a4th | ||
| 260 |
_c2004 _b"PHI,New " _aNew Delhi |
||
| 500 | _aTRANSFERED | ||
| 650 |
_aStructure _bCivil |
||
| 942 | _cBK | ||
| 999 |
_c171461 _d171461 |
||